La Compra verda en l'àmbit dels Serveis Municipals : jornada de treball del Grup d'Ecologia Urbana jornada de treball del Grup d'Ecologia Urbana
Publicado:
Barcelona :
Diputació de Barcelona, Xarxa de Ciutats i Pobles cap a la Sostenibilitat ,
2001
Descripción Física:
[108] p., [12] f. solts : 29 cm + 1 díptic
MARC
| LEADER | 00000nam a2200000Ia 4500 | ||
|---|---|---|---|
| 001 | 22784 | ||
| 008 | 160829s2001 xx 000 0 cat d | ||
| 080 | |a C-3-314 | ||
| 245 | |a La Compra verda en l'àmbit dels Serveis Municipals : |b jornada de treball del Grup d'Ecologia Urbana | ||
| 260 | |a Barcelona : |b Diputació de Barcelona, Xarxa de Ciutats i Pobles cap a la Sostenibilitat, |c 2001 | ||
| 300 | |a [108] p., [12] f. solts : |b 29 cm + 1 díptic | ||
| 590 | |a Textos en català, castellà, anglès i francès | ||
| 650 | 0 | |a Medi ambient |x Protecció |9 34273 | |
| 650 | |a Compra pública |x Aspectes ambientals |9 46069 | ||
| 650 | |a Consum (Economia) |x Aspectes ambientals I |9 45443 | ||
| 650 | 0 | |a Desenvolupament sostenible |9 23028 | |
| 650 | 0 | |a Administració local |9 34286 | |
| 710 | 2 | |a Xarxa de Ciutats i Pobles cap a la Sostenibilitat |9 53477 | |
| 710 | 1 | |a Barcelona (Catalunya : Província). |b Diputació |9 52408 | |
| 901 | |a Arxiu | ||
| 942 | |n 1 | ||
| 952 | |0 0 |1 0 |4 0 |6 C3314 |7 1 |9 52964 |a Arxiu |b Arxiu |d 2016-12-01 |l 0 |o C-3-314 |p 22784 |r 2016-12-01 00:00:00 |w 2016-12-01 |y ARXIU | ||
| 999 | |c 56813 |d 56813 | ||